| Tag |
First Indicator |
Second Indicator |
Subfields |
| LEADER |
00000cam a2200000 a 4500 |
| 001 |
in00000083930 |
| 005 |
20151008054341.0 |
| 008 |
720417s1958 nyuaf 00010bengm |
| 010 |
|
|
|a 58013273
|
| 035 |
|
|
|a (OCoLC)00285889
|
| 035 |
|
|
|9 AAJ0398AM
|
| 040 |
|
|
|a DLC
|c OSU
|d SER
|d m.c.
|d OCL
|d TXA
|d UtOrBLW
|
| 049 |
|
|
|a TXAM
|c [1672303]
|
| 050 |
0 |
0 |
|a PN2287.C35
|b C27
|
| 082 |
0 |
|
|a 927.933
|
| 100 |
1 |
|
|a Castle, Irene,
|d 1893-1969.
|
| 245 |
1 |
0 |
|a Castles in the air /
|c by Irene Castle as told to Bob and Wanda Duncan.
|
| 250 |
|
|
|a 1st ed.
|
| 264 |
|
1 |
|a Garden City, N.Y. :
|b Doubleday,
|c 1958.
|
| 300 |
|
|
|a 264 pages, 32 unnumbered pages of plates :
|b illustrations ;
|c 22 cm.
|
| 336 |
|
|
|a text
|b txt
|2 rdacontent
|
| 337 |
|
|
|a unmediated
|b n
|2 rdamedia
|
| 338 |
|
|
|a volume
|b nc
|2 rdacarrier
|
| 600 |
1 |
0 |
|a Castle, Vernon,
|d 1887-1918.
|
| 700 |
1 |
|
|a Duncan, Robert L.
|q (Robert Lipscomb),
|d 1927-1999.
|
| 700 |
1 |
|
|a Duncan, Wanda.
|
| 999 |
|
|
|a MARS
|
| 999 |
f |
f |
|s f5d13670-8324-3571-a66e-c30bce55003f
|i cea92041-5686-33bd-8413-899de8dc4df2
|t 0
|
| 952 |
f |
f |
|p ric
|a Texas A&M University
|b Rellis Campus
|c Joint Library Facility
|d Remote Storage
|t 0
|e PN2287.C35 C27
|h Library of Congress classification
|i unmediated -- volume
|m A14806178442
|
| 998 |
f |
f |
|a PN2287.C35 C27
|t 0
|l Remote Storage
|